000 02986nam a22001817a 4500
003 OSt
005 20260407083604.0
008 260407b |||||||| |||| 00| 0 eng d
040 _aLC
_bENG
_cLC
_dABK
_eRDA
082 _223rd ed.
_a348.0496761
_bUGA
245 _aThe Uganda law reports [2018] U. L. R /
_cEdited by Rose Kawesa Nalule
260 _aKampala :
_bLaw development centre ;
_cc2018.
300 _axxxix, 501 pages ;
_c25 cm.
505 _aTABLE OF CONTENTS INDEX OF CASES REPORTED...... SUBJECT MATTER INDEX INDEX OF LEGISLATION CONSIDERED. INDEX OF CASES CITED......... DIGESTS & JUDGMENTS........ INDEX OF CASES REPORTED ABUBAKER SEBALAMU GANYA VS YASMIN NALWOGA (SC)........ ATTORNEY GENERAL VS GLADYS NAKIBUULE KISEKKA (SC).... BASAJJABAKA YAKUBU Vs MTN UGANDA LIMITED (HC).......... BITAMISI NAMUDDU Vs RWABUGANDA GODFREY (SC)......... BUSONYA AND 2 OTHERS VS DAUDI GIRULI (SC). DAVID CHANDI JAMWA VS UGANDA (CA).. ***** DELUXE ENTERPRISES LIMITED VS UGANDA LEASING COMPANY LIMITED (CA)......... DUKE MABAYA VS UGANDA (SC).......... EQUITY BANK UGANDA LIMITED VS MUGISHA MUSIIMENTA ROGERS (HC).... FOUNDATION FOR HUMAN RIGHTS INITIATIVE VS ATTORNEY GENERAL (SC)......... HAJI ABDALLA KITATA VS UGANDA (HC).. HAJI KAVUMA HAROON VS FIRST INSURANCE COMPANY LIMITED (HC)........... HASSAN BASAJJABALABAAND ANOTHER VS ATTORNEY GENERAL (CC)............ HWAN SUNG LIMITED VS MAND D TIMBER MERCHANTS AND TRANSPORTERS LIMITED (SC)...... ICCO COOPERATION UGANDA VS TRIVISION UGANDA LIMITED (HC)... INFINITY TELECOM UGANDA LIMITED AND 2 OTHERS VS ORANG UGANDA LIMITED (HC)..... IN THE MATTER OF AN APPLICATION FOR CHANGE OF NAME OF ADOPTED CHILDREN BY KENT ALLAN NOLLEY AND ANOTHER IN RESPECT OF RWOTOMIYA RAYMOND AND AMARI GRACE (HC).......... IN THE MATTER OF A PETITION FOR THE ADOPTION OF VICTORIA BABIRYE NAMUTOSI BY JOHNNY WALTERS JR AND CHERYL ANN WALTERS (HC)........ ISMAIL KALULE Vs UGANDA (HC)......... JETHA BROTHERS LIMITED VS MBARARA MUNICIPAL COUNCIL AND OTHERS (CA)........ JUMBA RICHARD V's UGANDA (CA)......... KAGUMYA PEREGINO VS ATTORNEY GENERAL (SC).. MMAKS ADVOCATES AND ANOTHER VS UGANDA MUSLIM SUPREM COUNCIL (HC)........ MOLLY TURINAWE AND 4 OTHERS VS EPHRAIM TURINAWE AND ANOTHER (SC)............ OGWANG DONASIANO AND 9 OTHERS VS REGINA OKOT (HC)... PHILEMON WANDERA AND OTHRES Vs YESERO MUGENYI AND OTHERS (CA)....... RANCHHOBHAI SHIVABHAI PATEL LIMITED AND ANOTHER VS HENRY WAMBUGA (LIQUIDATOR OF AFRICAN TEXTILES MILL LIMITE AND ANOTHER (SC).... SARAH KULATA BASANGWA VS UGANDA (SC)... SAMUELABBO VS CIMEEL ENGINEERING LIMITED (HC).. SECURITY 2000 LIMITED VS CUMBERLAND (CA)... TWINOBUSINGYE SEVERINO VS ATTORNEY GENERAL (CC).......... UGANDA Vs MOSES PAPA AND 4 OTHERS (HC)......... WOTALI ERINAAND ANOTHER VS NAMULONDO MONICA (HC)......
650 _aUganda law reports
_967647
700 _aNalule, Rose Kawesa
_967666
942 _2ddc
_cBOOK
999 _c40177
_d40176